|
|
|
|
| LEADER |
00000cam a2200000 a 4500 |
| 001 |
vtls001098886 |
| 003 |
SK-MaSNL |
| 005 |
20260301225311.0 |
| 008 |
250313s1982 xo a e 000 0 slo |
| 015 |
|
|
|a SNBA1982
|
| 020 |
|
|
|q (brož.)
|
| 035 |
|
|
|a SNK000041728
|
| 035 |
|
|
|a urn:nbn:sk:snk-amkx9f
|
| 035 |
|
|
|a urn:nbn:sk:snk-am0082aa
|
| 035 |
|
|
|a 280C8068-99F8-4BB8-A2A3-71CC78482E8C
|
| 040 |
|
|
|a SNK
|b slo
|c SNK
|e AACR2
|
| 041 |
0 |
|
|a slo
|
| 044 |
|
|
|a xo
|c SK
|
| 080 |
|
|
|a 66.061/.063(075.8)
|2 1981
|
| 245 |
0 |
0 |
|a Difúzne pochody
|n 2
|c Libor Pajdlhauser ... [et al.]
|
| 250 |
|
|
|a 2. vyd.
|
| 260 |
|
|
|a Bratislava
|b Slovenská vysoká škola technická
|c 1982
|e Bratislava
|f Edičné stredisko SVŠT
|
| 300 |
|
|
|a 123 s.
|b grafy, sch.
|c 29 cm
|
| 366 |
|
|
|e 150 výt.
|
| 504 |
|
|
|a Bibliogr. odkazy ; zozn.
|
| 650 |
0 |
7 |
|a difúzia
|2 SNKPH
|9 14972
|
| 650 |
0 |
7 |
|a adsorpcia
|2 SNKPH
|9 20961
|
| 655 |
|
7 |
|a učebnice vysokých škôl
|2 SNKPH
|9 70191
|
| 700 |
1 |
|
|a Pajdlhauser, Libor
|4 aut
|9 338793
|
| 852 |
|
|
|a Slovenská národná knižnica
|
| 958 |
|
|
|a OND
|
| 958 |
|
|
|a NB
|
| 999 |
|
|
|c 950394
|d 952324
|
| 952 |
|
|
|a SNK
|b SNK
|y PREZ
|7 0
|p 17A0970641
|o snkSB 26976/2
|i snkKSP 6098/82
|0 0
|1 0
|4 0
|d 2014-07-07
|f 1
|l 0
|r 2026-02-24 09:46:35
|w 2026-02-24
|
| 952 |
|
|
|a SNK
|b SNK
|y VYP
|7 0
|o snkSB 26976/2 D1
|i snkKSP 6099/82
|0 0
|1 0
|4 0
|d 2014-07-07
|l 0
|r 2026-02-24 09:46:35
|w 2026-02-24
|